[Event "IECG CP.2000.Q.00011"]
[Site "IECG email"]
[Date "2001.10.01"]
[Round "?"]
[White "Photiadis, Douglas"]
[Black "Kubasky, Alojz"]
[Result "0-1"]
[WhiteElo "2026"]
[BlackElo "2207"]
[PlyCount "86"]
[EventDate "2001.10.01"]
[EventType "tourn (corr)"]
[EventRounds "6"]
[SourceTitle "Corr 2008"]
[Source "ChessBase"]
[SourceDate "2008.06.24"]
[SourceVersion "1"]
[SourceVersionDate "2008.06.24"]
[SourceQuality "1"]

1. e4 e5 2. Nf3 Nc6 3. Bb5 a6 4. Ba4 Nf6 5. 0-0 Nxe4 6. d4 b5 7. Bb3 d5 8. dxe5 Be6 9. Nbd2 Nc5 10. c3 Be7 11. Bc2 Bg4 12. Re1 0-0 13. Nb3 Re8 14. h3 Nxb3 15. Qd3 Bf5 16. Qxf5 g6 17. Qg4 Nxa1 18. Bd3 Bf8 19. e6 Qc8 20. exf7+ Kxf7 21. Qf4+ Kg8 22. Be3 Bd6 23. Qh6 Ne5 24. Nxe5 Bxe5 25. Rxa1 Qd7 26. Rd1 c6 27. Qg5 Qd6 28. h4 Bf6 29. Qh6 Rad8 30. Bc2 b4 31. cxb4 Qxb4 32. h5 Bg7 33. Qg5 Qxb2 34. Bd3 Qxa2 35. hxg6 h6 36. Qh4 Qb3 37. Rd2 Qc3 38. Bxh6 Bxh6 39. Qxh6 Re1+ 40. Kh2 Rd7 41. Qg5 a5 42. Bf5 Rde7 43. Rd1 a4 0-1

[Event "IECG CP.2000.Q.00011"]
[Site "IECG email"]
[Date "2001.10.01"]
[Round "?"]
[White "Scharft, Johan"]
[Black "Photiadis, Douglas"]
[Result "1/2-1/2"]
[WhiteElo "1827"]
[BlackElo "2026"]
[PlyCount "66"]
[EventDate "2001.10.01"]
[EventType "tourn (corr)"]
[EventRounds "6"]
[SourceTitle "Corr 2008"]
[Source "ChessBase"]
[SourceDate "2008.06.24"]
[SourceVersion "1"]
[SourceVersionDate "2008.06.24"]
[SourceQuality "1"]

1. e4 c5 2. Nf3 d6 3. d4 cxd4 4. Nxd4 Nf6 5. Nc3 a6 6. Bg5 e6 7. f4 Be7 8. Qf3 Qc7 9. 0-0-0 Nbd7 10. Bd3 h6 11. Bh4 g5 12. fxg5 Ne5 13. Qe2 Nfg4 14. h3 hxg5 15. Bg3 Nf6 16. h4 g4 17. Kb1 b5 18. Qf2 Nh5 19. Bh2 Bb7 20. Ncxb5 Qc5 21. Nc3 Nxd3 22. Rxd3 e5 23. Rf1 exd4 24. Qxf7+ Kd8 25. Rf5 Rf8 26. Qxh5 Rxf5 27. exf5 dxc3 28. Qxg4 Bd5 29. Rxc3 Qf2 30. Rd3 Rc8 31. Qd1 Be4 32. Rxd6+ Bxd6 33. Qxd6+ Ke8 1/2-1/2

[Event "IECG CP.2000.P.00029"]
[Site "IECG email"]
[Date "2000.10.01"]
[Round "?"]
[White "Anderson, Michael"]
[Black "Photiadis, Douglas"]
[Result "0-1"]
[WhiteElo "1730"]
[BlackElo "1974"]
[PlyCount "86"]
[EventDate "2000.10.01"]
[EventType "tourn (corr)"]
[EventRounds "6"]
[EventCountry "USA"]
[SourceTitle "Corr 2008"]
[Source "ChessBase"]
[SourceDate "2008.06.24"]
[SourceVersion "1"]
[SourceVersionDate "2008.06.24"]
[SourceQuality "1"]

1. e4 c5 2. Nf3 d6 3. d4 cxd4 4. Nxd4 Nf6 5. Nc3 a6 6. Be2 e5 7. Nb3 Be7 8. 0-0 Be6 9. f4 Qc7 10. f5 Bc4 11. Bxc4 Qxc4 12. Qd3 Qxd3 13. cxd3 h6 14. Be3 Nc6 15. a3 Rd8 16. Nd5 Nxd5 17. exd5 Nb8 18. Bb6 Rc8 19. Na5 Nd7 20. Bf2 Nf6 21. d4 e4 22. Rfe1 Kd7 23. Re2 Nxd5 24. Nxb7 Rc7 25. Na5 Rb8 26. b4 Nf6 27. Bh4 Rb5 28. Bxf6 Bxf6 29. Rxe4 Rxf5 30. Rf1 Rxf1+ 31. Kxf1 Rc3 32. d5 Rxa3 33. Rc4 Rd3 34. Rc6 Rxd5 35. Rxa6 Rb5 36. Ra7+ Ke6 37. Rb7 Rxb7 38. Nxb7 Bc3 39. Nd8+ Kd7 40. Nxf7 Ke7 41. Nxh6 gxh6 42. b5 d5 43. Ke2 Kd6 0-1

[Event "IECG CP.2000.P.00029"]
[Site "IECG email"]
[Date "2000.10.01"]
[Round "?"]
[White "Phillips, David A"]
[Black "Photiadis, Douglas"]
[Result "0-1"]
[WhiteElo "1321"]
[BlackElo "1974"]
[PlyCount "56"]
[EventDate "2000.10.01"]
[EventType "tourn (corr)"]
[EventRounds "6"]
[EventCountry "USA"]
[SourceTitle "Corr 2008"]
[Source "ChessBase"]
[SourceDate "2008.06.24"]
[SourceVersion "1"]
[SourceVersionDate "2008.06.24"]
[SourceQuality "1"]

1. d4 Nf6 2. Nf3 g6 3. Bg5 Bg7 4. Nc3 d5 5. e3 0-0 6. Be2 c6 7. 0-0 h6 8. Bxf6 Bxf6 9. Qd2 Bf5 10. h3 g5 11. Bd3 Bxd3 12. Qxd3 Nd7 13. Rfe1 e5 14. dxe5 Nxe5 15. Nxe5 Bxe5 16. Rad1 Qb6 17. b3 Rfe8 18. Na4 Qa5 19. Qf5 Qb4 20. e4 b5 21. exd5 Bc7 22. Kf1 bxa4 23. Qd7 Rxe1+ 24. Rxe1 Ba5 25. Re8+ Rxe8 26. Qxe8+ Kg7 27. Qe5+ f6 28. dxc6 fxe5 0-1

[Event "IECG C1.2000.0.00254"]
[Site "IECG email"]
[Date "2000.01.12"]
[Round "?"]
[White "Friesinger, Siegfried"]
[Black "Photiadis, Douglas"]
[Result "0-1"]
[WhiteElo "2023"]
[BlackElo "2100"]
[PlyCount "44"]
[EventDate "2000.01.12"]
[EventType "tourn (corr)"]
[EventRounds "6"]
[SourceTitle "Corr 2008"]
[Source "ChessBase"]
[SourceDate "2008.06.24"]
[SourceVersion "1"]
[SourceVersionDate "2008.06.24"]
[SourceQuality "1"]

1. d4 Nf6 2. c4 g6 3. Nc3 d5 4. cxd5 Nxd5 5. e4 Nxc3 6. bxc3 Bg7 7. Bb5+ c6 8. Ba4 b5 9. Bb3 b4 10. Qf3 0-0 11. Ne2 bxc3 12. Qxc3 Ba6 13. Be3 Nd7 14. Qxc6 Bd3 15. e5 Rc8 16. Qf3 Qa5+ 17. Bd2 Qa6 18. h4 Nb6 19. h5 Bc4 20. hxg6 fxg6 21. Qh3 Bxb3 22. Qxb3+ Nc4 0-1